| 000 | 01313nam a2200445 a 4500 | ||
|---|---|---|---|
| 003 | AR-BaBNM | ||
| 005 | 20251128204815.0 | ||
| 008 | 082120s2002 ||||||||||||||000 | spa|| | ||
| 020 | _a950-9252-14-X | ||
| 040 | _cAR-BaBNM | ||
| 100 | 1 | _aHanke, Wanda | |
| 245 | 0 | 0 | _aDos años entre los Cainguá |
| 260 |
_aBuenos Aires _bCentro Argentino de Etnología Americana _c1995 |
||
| 300 |
_a101 p. _bil., gráfs., tablas, mapas |
||
| 490 | 0 | _aMankacén | |
| 500 | _aIntroducción de Mario Califano y María Cristina Dasso | ||
| 500 | _aContiene referencias bibliográficas en p. 79-82 | ||
| 500 | _aApéndice lingüístico: p. 83-101 | ||
| 650 | 4 | _aFOLKLORE | |
| 650 | 4 | _aMUSICA FOLKLORICA | |
| 650 | 4 | _aDANZAS FOLKLORICAS | |
| 650 | 4 | _aANTROPOLOGIA CULTURAL Y SOCIAL | |
| 650 | 4 | _aABORIGENES | |
| 650 | 4 | _aASPECTOS CULTURALES | |
| 650 | 4 | _aIDENTIDAD CULTURAL | |
| 650 | 4 | _aCULTURAS LATINOAMERICANAS | |
| 650 | 4 | _aCULTURAS TRADICIONALES | |
| 650 | 4 | _aCOSTUMBRES Y TRADICIONES | |
| 650 | 4 | _aABORIGENES SUDAMERICANOS | |
| 650 | 4 | _aLITERATURA FOLKLORICA | |
| 650 | 4 | _aLENGUAS AMERINDIAS | |
| 650 | 4 | _aMITOLOGIA | |
| 650 | 4 | _aRELIGION | |
| 651 | 4 | _aParaguay | |
| 651 | 4 | _aArgentina | |
| 653 | _aGUARANI | ||
| 800 | 1 |
_aCalifano, Mario _edirector |
|
| 942 | _cBK | ||
| 998 | _cMARTIN | ||
| 999 |
_c8906 _d8906 |
||